Shared Services Centers and Their Task at Enterprise Financial Management

Vývoj centier zdieľaných služieb. Možnosti zjednodušenia prevádzky prostredníctvom centier zdieľaných služieb (SSC - Shared Services Center). Finančné riadenie podnikateľských rizík. Finančné riadenie pohľadávok. Hodnotenie optimálneho riadenia dlhu v konkrétnej medzinárodnej spoločnosti.

Enregistré dans:
Détails bibliographiques
Auteur principal: Mateášová, Martina, 1979-
Autres auteurs: Meluchová, Jitka, 1965-
Format: Chapitre de livre
Langue:anglais
Sujets:
Tags: Ajouter un tag
Pas de tags, Soyez le premier à ajouter un tag!

MARC

LEADER 00000naa$a2200000$$$4500
001 0241936
005 20240502073934.6
041 0 |a eng 
044 |a SK 
245 1 0 |a Shared Services Centers and Their Task at Enterprise Financial Management  |c Martina Mateášová, Jitka Meluchová 
520 |a Vývoj centier zdieľaných služieb. Možnosti zjednodušenia prevádzky prostredníctvom centier zdieľaných služieb (SSC - Shared Services Center). Finančné riadenie podnikateľských rizík. Finančné riadenie pohľadávok. Hodnotenie optimálneho riadenia dlhu v konkrétnej medzinárodnej spoločnosti. 
610 2 0 |a služby 
610 2 0 |a služby zdieľané 
610 2 0 |a efektívnosť podnikania 
610 2 0 |a zjednodušenie práce 
610 2 0 |a procesy podnikové 
610 2 0 |a manažment finančný 
610 2 0 |a pohľadávky 
610 2 0 |a dlhy 
610 2 0 |a riziko podnikateľské 
100 1 |a Mateášová, Martina, 1979- 
700 1 |a Meluchová, Jitka, 1965-